Függés és függetlenség Latin-Amerikában a 20. században

Elmentve itt :
Bibliográfiai részletek
Szerző: Arató Ildikó
Dokumentumtípus: Cikk
Megjelent: Belvedere Meridionale Szeged 2007
Sorozat:Belvedere Meridionale 19 No. 5-8
Kulcsszavak:Latin-Amerika története - 20. sz.
Tárgyszavak:
Online Access:http://acta.bibl.u-szeged.hu/5117
LEADER 00742nab a2200193 i 4500
001 acta5117
005 20250724083227.0
008 161015s2007 hu o 000 hun d
040 |a SZTE Egyetemi Kiadványok Repozitórium  |b hun 
041 |a hun 
100 1 |a Arató Ildikó 
245 1 0 |a Függés és függetlenség Latin-Amerikában a 20. században  |h [elektronikus dokumentum] /  |c  Arató Ildikó 
260 |a Belvedere Meridionale  |b Szeged  |c 2007 
300 |a 21-25 
490 0 |a Belvedere Meridionale  |v 19 No. 5-8 
650 4 |a Bölcsészettudományok 
650 4 |a Történettudomány és régészet 
695 |a Latin-Amerika története - 20. sz. 
856 4 0 |u http://acta.bibl.u-szeged.hu/5117/1/belvedere_2007_005_008_021-025.pdf  |z Dokumentum-elérés